Primer Fórum sobre Prevención de Incendios Forestales : Barcelona, 2 y 3 de junio de 1999 Barcelona, 2 y 3 de junio de 1999
Publicado:
Barcelona :
Diputació de Barcelona. Oficina Tècnica de Prevenció Municipal d'Incendis Forestals ,
2000
Descripción Física:
85 p. ; 30 cm
Colección:
Quaderns d'informació tècnica ; 4
MARC
| LEADER | 00000nam a2200000Ia 4500 | ||
|---|---|---|---|
| 001 | 12708 | ||
| 003 | BGR | ||
| 005 | 20260324175257.0 | ||
| 008 | 160829s2000 xx 000 0 cat d | ||
| 080 | |a C-1-31 | ||
| 111 | |a Fòrum sobre Prevenció d'Incendis Forestals |9 70935 |c (Barcelona : |d 1999) | ||
| 245 | |a Primer Fórum sobre Prevención de Incendios Forestales : |b Barcelona, 2 y 3 de junio de 1999 | ||
| 260 | |a Barcelona : |b Diputació de Barcelona. Oficina Tècnica de Prevenció Municipal d'Incendis Forestals, |c 2000 | ||
| 300 | |a 85 p. ; |c 30 cm | ||
| 490 | |a Quaderns d'informació tècnica ; 4 | ||
| 650 | 0 | |a Incendis forestals |x Prevenció i control |9 50256 | |
| 710 | |a Barcelona (Catalunya : Província). |b Oficina Tècnica de Prevenció Municipal d'Incendis Forestals |9 9456 | ||
| 901 | |a Arxiu | ||
| 942 | |n 1 |2 udc |c MON | ||
| 952 | |0 0 |1 0 |4 0 |6 C131 |7 1 |9 43201 |a Arxiu |b Arxiu |d 2016-12-01 |l 0 |o C-1-31 |p 12708 |r 2016-12-01 00:00:00 |w 2016-12-01 |y ARXIU | ||
| 999 | |c 45745 |d 45745 | ||